| 000 | 00347nam a22001337a 4500 | ||
|---|---|---|---|
| 020 | _a0-13-171745-6 | ||
| 082 | _a629.8 DES'C | ||
| 100 |
_aDE SILVA, CLARENCE.W _935773 |
||
| 245 | _aCONTROL SENSORS AND ACTUATORS | ||
| 260 |
_aNEW JERSEY _bPRENTICE HALL _c1989 |
||
| 300 | _aIX,436P | ||
| 650 |
_aAUTOMATIC CONTROL DETECTORS _966051 |
||
| 942 | _cBK | ||
| 999 |
_c574092 _d574092 |
||